Storia Di Un Vita

Uloženo v:
Podrobná bibliografie
Hlavní autor: Giuseppe Cannistra'
Médium: Kniha
Jazyk:neznámý jazyk
Vydáno: Tipografia La Celere
Tagy: Přidat tag
Žádné tagy, Buďte první, kdo vytvoří štítek k tomuto záznamu!

MARC

LEADER 00000nam a2200000Ia 4500
001 R-735
003 CODICE-MESSINA
005 20260212102456.0
008 260211s9999 xx 000 0 und d
040 |c importazione_messina 
100 |a Giuseppe Cannistra' 
245 0 |a Storia Di Un Vita 
260 |b Tipografia La Celere 
942 |2 ddc  |c BK 
952 |0 0  |1 0  |2 ddc  |4 0  |7 0  |9 31561  |a ME  |b ME  |d 2026-02-11  |l 0  |o  -   |p R-735  |r 2026-02-11 23:52:38  |w 2026-02-11  |x [REVISIONARE]  |y BK 
999 |c 27226  |d 27226